Graphic design : (Record no. 11363)

000 -LEADER
fixed length control field 00722cam a2200217 i 4500
003 - CONTROL NUMBER IDENTIFIER
control field OSt
005 - DATE AND TIME OF LATEST TRANSACTION
control field 20230315184938.0
008 - FIXED-LENGTH DATA ELEMENTS--GENERAL INFORMATION
fixed length control field 141201t20152015nyua b 001 0 eng
010 ## - LIBRARY OF CONGRESS CONTROL NUMBER
LC control number 2014046286
020 ## - INTERNATIONAL STANDARD BOOK NUMBER
International Standard Book Number 9781616893323 (paperback : alk. paper)
042 ## - AUTHENTICATION CODE
Authentication code pcc
082 00 - DEWEY DECIMAL CLASSIFICATION NUMBER
Classification number 741.6
Edition number 23
100 1# - MAIN ENTRY--PERSONAL NAME
Personal name Lupton, Ellen,
Relator term author.
245 10 - TITLE STATEMENT
Title Graphic design :
Remainder of title the new basics /
Statement of responsibility, etc Ellen Lupton and Jennifer Cole Phillips.
250 ## - EDITION STATEMENT
Edition statement Second edition, revised and expanded.
300 ## - PHYSICAL DESCRIPTION
Extent 261 pages :
Other physical details illustrations (chiefly color) ;
Dimensions 23 cm
504 ## - BIBLIOGRAPHY, ETC. NOTE
Bibliography, etc Includes bibliographical references (pages 260-261) and index.
650 #0 - SUBJECT ADDED ENTRY--TOPICAL TERM
Topical term or geographic name as entry element Graphic arts.
700 1# - ADDED ENTRY--PERSONAL NAME
Personal name Phillips, Jennifer C.,
Dates associated with a name 1960-
Relator term author.
942 ## - ADDED ENTRY ELEMENTS (KOHA)
Source of classification or shelving scheme
Holdings
Withdrawn status Lost status Source of classification or shelving scheme Damaged status Koha normalized classification for sorting Not for loan Permanent location Current location Date acquired Source of acquisition Cost, normal purchase price Total Checkouts Full call number Barcode Date last seen Date last borrowed Cost, replacement price Price effective from Koha item type
        741_600000000000000_LUP   BMS College of Architecture, Design and Planning BMS College of Architecture, Design and Planning 2023-03-16 3 2104.55 1 741.6 LUP AR-UG2990 2024-03-18 2024-02-20 2996.00 2023-03-16 UG Books
        741_600000000000000_LUP   BMS College of Architecture, Design and Planning BMS College of Architecture, Design and Planning 2023-03-16 3 2104.55   741.6 LUP AR-UG2991 2023-03-16   2996.00 2023-03-16 UG Books
Copyright © 2025, The Librarian, Library and Information Centre, BMSCA D&P, Bengaluru. All Rights Reserved
web counter

Powered by Koha